[Event "Crema op 09th"]
[Site "Crema"]
[Date "2007.09.09"]
[Round "6"]
[White "Ranfagni, Stefano"]
[Black "Calvi, Gianluca"]
[Result "1-0"]
[WhiteElo "2031"]
[BlackElo "1885"]
[PlyCount "89"]
[EventDate "2007.09.07"]
[EventType "swiss"]
[EventRounds "6"]
[EventCountry "ITA"]
[SourceTitle "EXT 2009"]
[Source "ChessBase"]
[SourceDate "2008.11.26"]
[SourceVersion "1"]
[SourceVersionDate "2008.11.26"]
[SourceQuality "1"]

1. e4 c5 2. Nc3 d6 3. g3 Nf6 4. Bg2 g6 5. Nge2 Bg7 6. 0-0 0-0 7. d3 Nc6 8. f4 Bg4 9. h3 Bxe2 10. Nxe2 Qc7 11. Kh2 Rad8 12. c3 Nd7 13. Bd2 Qb8 14. Qc1 e6 15. f5 Nce5 16. Qc2 b5 17. Nf4 exf5 18. exf5 Nf6 19. Nd5 Nxd5 20. Bxd5 Qc7 21. f6 Bh8 22. Bh6 Rfe8 23. Qd2 Nd7 24. Bg5 Re5 25. Bg2 Rde8 26. Rf2 h6 27. Bxh6 Nxf6 28. Raf1 Rh5 29. Rxf6 Bxf6 30. Rxf6 Qe7 31. Bg5 Qe5 32. h4 Re6 33. Qf4 Rxf6 34. Bxf6 Qxf4 35. gxf4 Rf5 36. Bg5 f6 37. Be4 Rxg5 38. hxg5 f5 39. Bd5+ Kf8 40. Kg3 a5 41. Kf3 Ke7 42. Ke3 Kf8 43. d4 Ke7 44. dxc5 dxc5 45. a3 1-0

[Event "Crema op 09th"]
[Site "Crema"]
[Date "2007.09.08"]
[Round "3"]
[White "Calvi, Gianluca"]
[Black "Annoni, Riccardo"]
[Result "0-1"]
[WhiteElo "1885"]
[BlackElo "2080"]
[PlyCount "100"]
[EventDate "2007.09.07"]
[EventType "swiss"]
[EventRounds "6"]
[EventCountry "ITA"]
[SourceTitle "EXT 2009"]
[Source "ChessBase"]
[SourceDate "2008.11.26"]
[SourceVersion "1"]
[SourceVersionDate "2008.11.26"]
[SourceQuality "1"]

1. d4 d5 2. c4 dxc4 3. Nc3 a6 4. Nf3 b5 5. a3 Bb7 6. e3 c5 7. Be2 Nf6 8. b3 cxb3 9. Qxb3 cxd4 10. Nxd4 e6 11. Bf3 Bxf3 12. Nxf3 Be7 13. Bb2 Nc6 14. 0-0 Na5 15. Qc2 Nc4 16. Rfd1 Qa5 17. Nd4 Nxb2 18. Qxb2 Rc8 19. Nce2 0-0 20. Nb3 Qa4 21. Rd4 Rc4 22. Nc3 Rxd4 23. Nxd4 Qa5 24. Nc6 Qc7 25. Nxe7+ Qxe7 26. Qb4 Qc7 27. h3 Rc8 28. Rd1 h6 29. Ne2 Rd8 30. Rc1 Qd6 31. Qa5 Qd2 32. Qc7 Rd7 33. Qc8+ Kh7 34. Nd4 Qb2 35. Rc7 Rxc7 36. Qxc7 Qa1+ 37. Kh2 Qxa3 38. Qxf7 Qd6+ 39. Kg1 Qd7 40. Qf8 e5 41. Nf3 Qd1+ 42. Kh2 Qd5 43. Qb4 Ne4 44. Qb2 a5 45. Nxe5 Nxf2 46. Qxf2 Qxe5+ 47. Kg1 Qe4 48. Qd2 b4 49. Kf2 b3 50. Qxa5 b2 0-1

[Event "Crema op 09th"]
[Site "Crema"]
[Date "2007.09.07"]
[Round "2"]
[White "Madaschi, Sergio"]
[Black "Calvi, Gianluca"]
[Result "0-1"]
[WhiteElo "1469"]
[BlackElo "1885"]
[PlyCount "124"]
[EventDate "2007.09.07"]
[EventType "swiss"]
[EventRounds "6"]
[EventCountry "ITA"]
[SourceTitle "EXT 2009"]
[Source "ChessBase"]
[SourceDate "2008.11.26"]
[SourceVersion "1"]
[SourceVersionDate "2008.11.26"]
[SourceQuality "1"]

1. e4 c5 2. Nc3 a6 3. g3 Nc6 4. Bg2 Nf6 5. Nf3 d6 6. d4 cxd4 7. Nxd4 e5 8. Nxc6 bxc6 9. 0-0 Be7 10. h3 0-0 11. Be3 Rb8 12. Rb1 Be6 13. Qd2 d5 14. exd5 cxd5 15. Bg5 d4 16. Nd1 Bxa2 17. Ra1 Bc4 18. Re1 Qb6 19. Rxe5 Qd6 20. Bf4 Qd7 21. Rxe7 Qxe7 22. Bxb8 Rxb8 23. Qxd4 Bb5 24. Ne3 Rd8 25. Qc3 Qe6 26. Qb4 g6 27. b3 Qe5 28. Re1 Rd4 29. Qa5 Qd6 30. c4 Bd7 31. b4 Rd2 32. Rc1 Rb2 33. c5 Qd2 34. Rf1 Bb5 35. Qb6 Kg7 36. Qd6 Qxd6 37. cxd6 Bxf1 38. Bxf1 Rxb4 39. Bxa6 Rb6 40. Bf1 Rxd6 41. Bg2 Nd7 42. Be4 Nc5 43. Bc2 Na6 44. Kg2 Nb4 45. Bb1 Nc6 46. Be4 Ne5 47. Bc2 Kf6 48. Bb1 Rd2 49. Be4 Ke6 50. Bb1 f5 51. h4 Nd3 52. Bxd3 Rxd3 53. Kf3 Ke5 54. Ke2 Kd4 55. Nc2+ Kc3 56. Ne3 Rd4 57. Kf3 Kd3 58. Ng2 Re4 59. Nf4+ Kd2 60. Ng2 h6 61. Nf4 g5 62. hxg5 hxg5 0-1